Psicoanálisis criminal /

Guardado en:
Autor Principal: Jiménez de Asúa, Luis
Formato: Libro
Idioma:Spanish
Publicado: Buenos Aires : Losada, 1947
Edición:5º ed.
Etiquetas: Agregar Etiqueta
Sin Etiquetas, Sea el primero en etiquetar este registro!
LEADER 00392nam a22001335a 4500
001 DER.der009619
005 20100426000000.0
008 180615s1947####||||||||||||||||||||spa||
100 1 |a Jiménez de Asúa, Luis 
245 1 0 |a Psicoanálisis criminal /  |c Luis JIménez de Usúa 
250 |a 5º ed. 
260 |a Buenos Aires :  |b Losada,  |c 1947 
300 0 |a 392 p. 
859 |a DERECHO  |b BIB. DERECHO  |h 345.05  |i JIM  |p 006278